[Event "African Online-ch Women 2021"]
[Site "Online"]
[Date "2021.02.01"]
[Round "2.4"]
[White "Joao, Delfina"]
[Black "Moaataz, Ayah"]
[Result "0-1"]
[WhiteElo "1727"]
[BlackElo "2028"]
[Annotator "TA"]
[PlyCount "44"]
[EventDate "2021.02.01"]
[EventType "swiss"]
[EventCountry "NET"]
[SourceTitle "playchess.com"]
[Source "ChessBase"]
[SourceQuality "1"]

{[%evp 13,44,-2,0,0,0,0,11,2,13,-20,0,0,8,-9,20,7,37,0,4,-40,-32,-180,-159,-160,-165,-262,-254,-332,-328,-601,-579,-523,-539]} 1. e4 c6 2. d4 d5 3. exd5 cxd5 4. Nf3 Nf6 5. Bb5+ Bd7 6. Bxd7+ Nbxd7 7. O-O e6 8. Bf4 {B13: Caro-Kann: Exchange Variation and Panov-Botvinnik Attack.} Qb6 9. b3 Bd6 10. Bxd6 {The position is equal.} Qxd6 {[#]} 11. h3 $146 ({Predecessor:} 11. Nbd2 O-O 12. Re1 Rac8 13. c4 Qf4 14. Rc1 b6 15. h3 h6 16. Qe2 Rfe8 17. g3 {0-1 (40) Lazar,A (2062)-Ivan,Z (2174) Hungary 2014}) 11... Ne4 12. Qd3 O-O 13. Nbd2 f5 14. c4 g5 15. cxd5 exd5 16. Nh2 Rac8 17. Rac1 {Now White is beyond hope.} (17. Qe3 $15) 17... Rxc1 $19 18. Rxc1 {[#]} Qf4 {[%csl LRd2,LRf2][%cal Rf4f2]} 19. Nhf3 (19. f3 $142 Qxd2 20. Qxd2 Nxd2 21. Kf2) 19... g4 20. g3 Qh6 21. Ne5 (21. hxg4 fxg4 22. Re1 gxf3 23. Nxe4) 21... Nxe5 22. dxe5 Qxd2 {Weighted Error Value: White=0.63/Black=0.06} 0-1

[Event "African Online-ch Women 2021"]
[Site "Online"]
[Date "2021.02.01"]
[Round "2.5"]
[White "Latreche, Khadidja"]
[Black "McPherson, Naleli"]
[Result "0-1"]
[WhiteElo "1900"]
[BlackElo "1303"]
[Annotator "RC"]
[PlyCount "118"]
[EventDate "2021.02.01"]
[EventType "swiss"]
[EventCountry "NET"]
[SourceTitle "playchess.com"]
[Source "ChessBase"]
[SourceQuality "1"]
[TimeControl "1500+10"]

1. e4 {[%emt 0:00:00]} e5 {[%emt 0:00:15]} 2. Nf3 {[%emt 0:00:05]} d6 {[%emt 0:00:21]} 3. d4 {[%emt 0:00:06]} exd4 {[%emt 0:00:22]} 4. Nxd4 {[%emt 0:00:07]} c5 {[%emt 0:00:22]} 5. Nf3 {[%emt 0:01:48]} Nc6 {[%emt 0:00:21]} 6. Bc4 {[%emt 0:00:53]} Be7 {[%emt 0:00:22]} 7. O-O {[%emt 0:00:30]} Nf6 {[%emt 0:00:15]} 8. Re1 {[%emt 0:06:31]} O-O {[%emt 0:00:23]} 9. h3 {[%emt 0:00:03]} Be6 {[%emt 0:00:52]} 10. Bxe6 {[%emt 0:01:18]} fxe6 {[%emt 0:00:18]} 11. c4 {[%emt 0:00:04]} e5 {[%emt 0:00:22]} 12. Nc3 {[%emt 0:00:11]} a6 {[%emt 0:00:47]} 13. Ng5 {[%emt 0:01:07]} Qd7 {[%emt 0:00:47]} 14. Nd5 {[%emt 0:00:10]} Nxd5 {[%emt 0:01:09]} 15. Qxd5+ {[%emt 0:00:04]} Kh8 {[%emt 0:03:00]} 16. Nf7+ {[%emt 0:00:05]} Rxf7 {[%emt 0:00:22]} 17. Qxf7 {[%emt 0:00:03]} Rf8 {[%emt 0:03:11]} 18. Qh5 {[%emt 0:00:26]} Nd4 {[%emt 0:00:34]} 19. Rd1 {[%emt 0:03:20]} Qc6 {[%emt 0:01:34]} 20. Qg4 {[%emt 0:01:03]} Rf6 {[%emt 0:01:17]} 21. Qh4 {[%emt 0:04:59]} Nf3+ {[%emt 0:02:49]} 22. gxf3 {[%emt 0:00:13]} Rg6+ {[%emt 0:00:34]} 23. Qg3 {[%emt 0:00:03]} Rxg3+ {[%emt 0:00:39]} 24. fxg3 {[%emt 0:00:02]} b5 {[%emt 0:00:27]} 25. cxb5 {[%emt 0:00:22]} axb5 {[%emt 0:00:19]} 26. Be3 {[%emt 0:00:08]} h6 {[%emt 0:00:31]} 27. b3 {[%emt 0:00:23]} b4 {[%emt 0:00:48]} 28. Rac1 {[%emt 0:00:15]} Qa6 {[%emt 0:01:02]} 29. Rc2 {[%emt 0:00:04]} Kh7 {[%emt 0:00:24]} 30. Kf2 {[%emt 0:00:34]} g5 {[%emt 0:00:38]} 31. f4 {[%emt 0:00:23]} exf4 {[%emt 0:00:31]} 32. gxf4 {[%emt 0:00:03]} Qc8 {[%emt 0:00:36]} 33. f5 {[%emt 0:00:36]} Qe8 {[%emt 0:00:20]} 34. Rd3 {[%emt 0:01:25]} Qh5 {[%emt 0:00:19]} 35. Bc1 {[%emt 0:00:59]} g4 {[%emt 0:00:42]} 36. Kg2 {[%emt 0:00:54]} gxh3+ {[%emt 0:00:33]} 37. Kh2 {[%emt 0:00:03]} d5 {[%emt 0:00:50]} 38. Rxh3 {[%emt 0:00:06]} Bd6+ {[%emt 0:00:36]} 39. Kg1 {[%emt 0:00:46]} Qxh3 {[%emt 0:00:10]} 40. f6 {[%emt 0:00:13]} Qe6 {[%emt 0:00:50]} 41. Rf2 {[%emt 0:00:13]} Qxe4 {[%emt 0:00:16]} 42. Bd2 {[%emt 0:00:10]} Qb1+ {[%emt 0:00:22]} 43. Kg2 {[%emt 0:00:04]} Qxa2 {[%emt 0:00:11]} 44. f7 {[%emt 0:00:03]} Bf8 {[%emt 0:00:19]} 45. Be3 {[%emt 0:00:34]} Qxb3 {[%emt 0:00:08]} 46. Bxc5 {[%emt 0:00:05]} Bxc5 {[%emt 0:00:12]} 47. f8=Q {[%emt 0:00:03]} Bxf8 {[%emt 0:00:05]} 48. Rxf8 {[%emt 0:00:02]} d4 {[%emt 0:00:11]} 49. Rf2 {[%emt 0:00:07]} d3 {[%emt 0:00:07]} 50. Rf3 {[%emt 0:00:01]} Qc2+ {[%emt 0:00:05]} 51. Kg3 {[%emt 0:00:03]} d2 {[%emt 0:00:08]} 52. Rf4 {[%emt 0:00:02]} Qc7 {[%emt 0:00:14]} 53. Kf3 {[%emt 0:00:03]} Qxf4+ {[%emt 0:00:05]} 54. Kxf4 {[%emt 0:00:02]} d1=Q {[%emt 0:00:04]} 55. Kg3 {[%emt 0:00:02]} b3 {[%emt 0:00:05]} 56. Kh4 {[%emt 0:00:02]} b2 {[%emt 0:00:03]} 57. Kh3 {[%emt 0:00:02]} b1=Q {[%emt 0:00:04]} 58. Kh2 {[%emt 0:00:02]} Qdd3 {[%emt 0:00:04]} 59. Kg2 {[%emt 0:00:02]} Qbc2+ {[%emt 0:00:02]} 0-1

[Event "African Online-ch Women 2021"]
[Site "Online"]
[Date "2021.02.01"]
[Round "2.6"]
[White "Charinda, Kudzanayi"]
[Black "Leboela, Maboloko"]
[Result "1-0"]
[WhiteElo "1710"]
[BlackElo "1296"]
[Annotator "NA RC"]
[PlyCount "57"]
[EventDate "2021.02.01"]
[EventType "swiss"]
[EventCountry "NET"]
[SourceTitle "playchess.com"]
[Source "ChessBase"]
[SourceQuality "1"]
[TimeControl "1500+10"]

1. e4 {[%emt 0:00:00]} e5 {[%emt 0:00:07]} 2. Nf3 {[%emt 0:00:08]} Nc6 {[%emt 0:00:03]} 3. d4 {[%emt 0:00:05]} exd4 {[%emt 0:00:04]} 4. Bc4 {[%emt 0:00:06]} Bb4+ {[%emt 0:00:21]} 5. c3 {[%emt 0:00:07]} dxc3 {[%emt 0:00:05]} 6. bxc3 {[%emt 0:00:03]} Ba5 {[%emt 0:00:09]} 7. Qb3 {[%emt 0:00:23]} Qe7 {[%emt 0:00:17]} 8. O-O {[%emt 0:00:09]} Nf6 {[%emt 0:00:16]} 9. e5 {[%emt 0:02:28]} Ng4 {[%emt 0:01:56]} 10. Ba3 {[%emt 0:00:23]} d6 {[%emt 0:00:48]} 11. exd6 {[%emt 0:00:16]} cxd6 {[%emt 0:00:12]} 12. Re1 {[%emt 0:00:21]} Nge5 {[%emt 0:00:54]} 13. Nxe5 {[%emt 0:00:21]} Nxe5 {[%emt 0:00:09]} 14. Nd2 {[%emt 0:02:17]} O-O {[%emt 0:00:27]} 15. f4 {[%emt 0:00:13]} Qf6 {[%emt 0:02:02]} 16. fxe5 {[%emt 0:00:10]} Qg5 {[%emt 0:00:16]} 17. Nf3 {[%emt 0:00:07]} Qg6 {[%emt 0:00:19]} 18. exd6 {[%emt 0:00:33]} Bh3 {[%emt 0:00:08]} 19. Bf1 {[%emt 0:00:30]} Rfc8 {[%emt 0:00:49]} 20. Rac1 {[%emt 0:00:27]} Bb6+ {[%emt 0:01:32]} 21. Kh1 {[%emt 0:00:08]} Bd7 {[%emt 0:00:08]} 22. Ne5 {[%emt 0:00:24]} Qf5 {[%emt 0:00:23]} 23. Nxd7 {[%emt 0:00:07]} Qxd7 {[%emt 0:00:04]} 24. Bb5 {[%emt 0:01:14]} Qg4 {[%emt 0:00:37]} 25. d7 {[%emt 0:00:44]} Rd8 {[%emt 0:00:58]} 26. Re8+ {[%emt 0:00:36]} Rxe8 {[%emt 0:00:06]} 27. dxe8=Q+ {[%emt 0:00:06]} Rxe8 {[%emt 0:00:02]} 28. Bxe8 {[%emt 0:00:03]} Qf4 {[%emt 0:00:12]} 29. Bxf7+ {[%emt 0:01:24]} 1-0

[Event "African Online-ch Women 2021"]
[Site "Online"]
[Date "2021.02.01"]
[Round "2.7"]
[White "Ibtihal Mohammed"]
[Black "Miladi, Amen"]
[Result "0-1"]
[WhiteElo "1491"]
[BlackElo "1802"]
[Annotator "NA RC"]
[PlyCount "44"]
[EventDate "2021.02.01"]
[EventType "swiss"]
[EventCountry "NET"]
[SourceTitle "playchess.com"]
[Source "ChessBase"]
[SourceQuality "1"]
[TimeControl "1500+10"]

1. e4 {[%emt 0:00:00]} c5 {[%emt 0:00:08]} 2. c3 {[%emt 0:00:04]} Nf6 {[%emt 0:00:26]} 3. e5 {[%emt 0:00:04]} Nd5 {[%emt 0:00:02]} 4. d4 {[%emt 0:00:03]} e6 {[%emt 0:00:10]} 5. Nf3 {[%emt 0:00:04]} cxd4 {[%emt 0:00:15]} 6. cxd4 {[%emt 0:00:03]} Nc6 {[%emt 0:00:05]} 7. Nc3 {[%emt 0:00:04]} d6 {[%emt 0:00:26]} 8. Nxd5 {[%emt 0:00:07]} exd5 {[%emt 0:00:04]} 9. Bb5 {[%emt 0:00:19]} Qa5+ {[%emt 0:00:06]} 10. Bd2 {[%emt 0:00:28]} Qxb5 {[%emt 0:00:04]} 11. Rc1 {[%emt 0:00:22]} dxe5 {[%emt 0:01:49]} 12. dxe5 {[%emt 0:00:20]} Bb4 {[%emt 0:00:24]} 13. a4 {[%emt 0:00:12]} Bxd2+ {[%emt 0:00:06]} 14. Qxd2 {[%emt 0:00:13]} Qb4 {[%emt 0:00:27]} 15. O-O {[%emt 0:00:16]} Qxd2 {[%emt 0:00:11]} 16. Nxd2 {[%emt 0:00:04]} O-O {[%emt 0:00:03]} 17. f4 {[%emt 0:00:02]} Nd4 {[%emt 0:00:15]} 18. Kf2 {[%emt 0:00:14]} f6 {[%emt 0:00:15]} 19. Ke3 {[%emt 0:00:10]} Nf5+ {[%emt 0:00:46]} 20. Kd3 {[%emt 0:00:06]} b6 {[%emt 0:00:08]} 21. g4 {[%emt 0:00:05]} Ba6+ {[%emt 0:00:04]} 22. Kc2 {[%emt 0:00:16]} Ne3+ {[%emt 0:00:10]} 0-1

[Event "African Online-ch Women 2021"]
[Site "Online"]
[Date "2021.02.01"]
[Round "2.8"]
[White "Vilhete, Vania Fausto Da T."]
[Black "Botlhole, Kgalalelo"]
[Result "0-1"]
[WhiteElo "1799"]
[BlackElo "1705"]
[Annotator "NA"]
[PlyCount "124"]
[EventDate "2021.02.01"]
[EventType "swiss"]
[EventCountry "NET"]
[SourceTitle "playchess.com"]
[Source "ChessBase"]
[SourceQuality "1"]
[TimeControl "1500+10"]

1. d4 {[%emt 0:00:00]} d5 {[%emt 0:00:07]} 2. c4 {[%emt 0:00:05]} e6 {[%emt 0:00:03]} 3. Nf3 {[%emt 0:00:07]} Nf6 {[%emt 0:00:02]} 4. e3 {[%emt 0:00:05]} c6 {[%emt 0:00:06]} 5. Bd3 {[%emt 0:00:04]} dxc4 {[%emt 0:00:04]} 6. Bxc4 {[%emt 0:00:04]} b5 {[%emt 0:00:03]} 7. Bd3 {[%emt 0:00:06]} Bb7 {[%emt 0:00:11]} 8. O-O {[%emt 0:00:06]} Nbd7 {[%emt 0:00:04]} 9. Nbd2 {[%emt 0:00:06]} a6 {[%emt 0:00:09]} 10. b3 {[%emt 0:00:06]} Be7 {[%emt 0:00:03]} 11. Bb2 {[%emt 0:00:05]} O-O {[%emt 0:00:03]} 12. Rc1 {[%emt 0:00:59]} c5 {[%emt 0:00:04]} 13. Bb1 {[%emt 0:00:16]} Rc8 {[%emt 0:00:11]} 14. Qe2 {[%emt 0:00:36]} h6 {[%emt 0:00:26]} 15. Rfd1 {[%emt 0:00:25]} Qb6 {[%emt 0:00:12]} 16. Ne5 {[%emt 0:00:30]} Rfd8 {[%emt 0:01:24]} 17. Ndf3 {[%emt 0:00:09]} Nf8 {[%emt 0:00:32]} 18. h3 {[%emt 0:00:54]} Be4 {[%emt 0:01:08]} 19. dxc5 {[%emt 0:01:51]} Bxc5 {[%emt 0:01:14]} 20. Nd3 {[%emt 0:01:25]} Be7 {[%emt 0:01:08]} 21. Bd4 {[%emt 0:01:08]} Qb7 {[%emt 0:00:17]} 22. Nde5 {[%emt 0:00:22]} Bxb1 {[%emt 0:00:47]} 23. Rxb1 {[%emt 0:00:08]} Qe4 {[%emt 0:00:24]} 24. Rbc1 {[%emt 0:00:28]} Ba3 {[%emt 0:01:49]} 25. Bb2 {[%emt 0:05:41]} Rxd1+ {[%emt 0:01:39]} 26. Qxd1 {[%emt 0:00:29]} Rxc1 {[%emt 0:03:45]} 27. Qxc1 {[%emt 0:00:35]} Bxb2 {[%emt 0:00:21]} 28. Qxb2 {[%emt 0:00:05]} Nd5 {[%emt 0:00:05]} 29. Qc1 {[%emt 0:00:44]} f6 {[%emt 0:01:24]} 30. Nc6 {[%emt 0:00:28]} Kh7 {[%emt 0:00:27]} 31. Nfd4 {[%emt 0:00:33]} e5 {[%emt 0:00:58]} 32. Ne2 {[%emt 0:00:10]} Ne6 {[%emt 0:00:44]} 33. Ng3 {[%emt 0:00:22]} Qd3 {[%emt 0:00:24]} 34. Nb8 {[%emt 0:00:57]} Nc3 {[%emt 0:01:14]} 35. Nxa6 {[%emt 0:01:06]} Nxa2 {[%emt 0:00:38]} 36. Qb2 {[%emt 0:00:47]} Nc3 {[%emt 0:00:49]} 37. Nb4 {[%emt 0:00:35]} Qd1+ {[%emt 0:00:37]} 38. Kh2 {[%emt 0:00:23]} Nd5 {[%emt 0:00:42]} 39. Nxd5 {[%emt 0:01:02]} Qxd5 {[%emt 0:00:04]} 40. Qc2+ {[%emt 0:00:05]} Kg8 {[%emt 0:00:12]} 41. Nf5 {[%emt 0:00:29]} Qd7 {[%emt 0:00:32]} 42. b4 {[%emt 0:00:32]} Ng5 {[%emt 0:01:08]} 43. Qa2+ {[%emt 0:00:32]} Kh7 {[%emt 0:00:18]} 44. Ng3 {[%emt 0:00:56]} Qe6 {[%emt 0:01:03]} 45. Qc2+ {[%emt 0:00:16]} e4 {[%emt 0:01:02]} 46. h4 {[%emt 0:00:23]} Nf7 {[%emt 0:00:06]} 47. Qxe4+ {[%emt 0:00:16]} Qxe4 {[%emt 0:00:04]} 48. Nxe4 {[%emt 0:00:05]} Kg6 {[%emt 0:00:03]} 49. Kg3 {[%emt 0:00:30]} Kf5 {[%emt 0:00:05]} 50. Kf3 {[%emt 0:00:29]} Ne5+ {[%emt 0:00:05]} 51. Ke2 {[%emt 0:00:52]} Kxe4 {[%emt 0:00:04]} 52. f3+ {[%emt 0:00:07]} Kd5 {[%emt 0:00:02]} 53. g4 {[%emt 0:00:11]} Nc6 {[%emt 0:00:02]} 54. e4+ {[%emt 0:00:08]} Ke5 {[%emt 0:00:04]} 55. Ke3 {[%emt 0:00:06]} Nxb4 {[%emt 0:00:02]} 56. f4+ {[%emt 0:00:04]} Ke6 {[%emt 0:00:12]} 57. g5 {[%emt 0:02:27]} fxg5 {[%emt 0:00:05]} 58. fxg5 {[%emt 0:00:48]} hxg5 {[%emt 0:00:08]} 59. hxg5 {[%emt 0:00:05]} Ke5 {[%emt 0:00:03]} 60. g6 {[%emt 0:00:17]} Nc6 {[%emt 0:00:04]} 61. Kd3 {[%emt 0:00:10]} b4 {[%emt 0:00:04]} 62. Kc4 {[%emt 0:00:04]} Kxe4 {[%emt 0:00:04]} 0-1

[Event "African Online-ch Women 2021"]
[Site "Online"]
[Date "2021.02.01"]
[Round "2.9"]
[White "Farnela, Nuzela Zacarias Musi"]
[Black "Rodriguez Guevara, Celia M."]
[Result "0-1"]
[WhiteElo "1431"]
[BlackElo "1849"]
[Annotator "NA RC"]
[PlyCount "70"]
[EventDate "2021.02.01"]
[EventType "swiss"]
[EventCountry "NET"]
[SourceTitle "playchess.com"]
[Source "ChessBase"]
[SourceQuality "1"]
[TimeControl "1500+10"]

1. e4 {[%emt 0:00:06]} d5 {[%emt 0:00:09]} 2. Nc3 {[%emt 0:00:15]} dxe4 {[%emt 0:02:56]} 3. Nxe4 {[%emt 0:00:08]} Bf5 {[%emt 0:00:09]} 4. Nc3 {[%emt 0:00:10]} Nf6 {[%emt 0:00:16]} 5. Bc4 {[%emt 0:00:12]} e6 {[%emt 0:00:33]} 6. d3 {[%emt 0:00:23]} Bd6 {[%emt 0:02:01]} 7. h3 {[%emt 0:00:44]} c6 {[%emt 0:00:13]} 8. a3 {[%emt 0:00:16]} Nbd7 {[%emt 0:00:18]} 9. Nf3 {[%emt 0:00:15]} h6 {[%emt 0:00:13]} 10. Be3 {[%emt 0:00:23]} Qc7 {[%emt 0:00:07]} 11. Qd2 {[%emt 0:00:42]} Nb6 {[%emt 0:00:58]} 12. Bb3 {[%emt 0:00:44]} O-O-O {[%emt 0:00:39]} 13. Nd4 {[%emt 0:01:23]} Bg6 {[%emt 0:00:13]} 14. O-O-O {[%emt 0:00:14]} Rhe8 {[%emt 0:02:33]} 15. Nde2 {[%emt 0:02:10]} Kb8 {[%emt 0:00:49]} 16. Ng3 {[%emt 0:01:02]} Nbd5 {[%emt 0:01:29]} 17. Nxd5 {[%emt 0:00:21]} Nxd5 {[%emt 0:00:20]} 18. Bxd5 {[%emt 0:02:37]} cxd5 {[%emt 0:01:12]} 19. Rhe1 {[%emt 0:02:02]} Rc8 {[%emt 0:01:36]} 20. Ne2 {[%emt 0:00:50]} e5 {[%emt 0:00:29]} 21. f3 {[%emt 0:00:13]} d4 {[%emt 0:01:24]} 22. Bf2 {[%emt 0:00:15]} f6 {[%emt 0:00:43]} 23. Ng3 {[%emt 0:02:06]} f5 {[%emt 0:00:56]} 24. Re2 {[%emt 0:03:16]} Bh7 {[%emt 0:02:20]} 25. Rde1 {[%emt 0:00:07]} Qf7 {[%emt 0:00:06]} 26. Kb1 {[%emt 0:00:30]} Bg8 {[%emt 0:00:03]} 27. b3 {[%emt 0:00:33]} Bxa3 {[%emt 0:00:07]} 28. Qa5 {[%emt 0:00:26]} Qf8 {[%emt 0:00:18]} 29. Rxe5 {[%emt 0:01:10]} Rxe5 {[%emt 0:01:07]} 30. Qxe5+ {[%emt 0:01:44]} Bd6 {[%emt 0:00:19]} 31. Qxd4 {[%emt 0:00:09]} Rc5 {[%emt 0:01:07]} 32. Qa4 {[%emt 0:00:12]} b5 {[%emt 0:00:34]} 33. Qa6 {[%emt 0:00:54]} Rc7 {[%emt 0:00:40]} 34. Qxb5+ {[%emt 0:02:54]} Rb7 {[%emt 0:00:03]} 35. Re8+ {[%emt 0:00:46]} Kc7 {[%emt 0:00:59]} 0-1

[Event "African Online-ch Women 2021"]
[Site "Online"]
[Date "2021.02.01"]
[Round "2.10"]
[White "Du Plessis, Anika"]
[Black "Francis, Onkemetse"]
[Result "0-1"]
[WhiteElo "1541"]
[BlackElo "1798"]
[Annotator "NA"]
[PlyCount "124"]
[EventDate "2021.02.01"]
[EventType "swiss"]
[EventCountry "NET"]
[SourceTitle "playchess.com"]
[Source "ChessBase"]
[SourceQuality "1"]
[TimeControl "1500+10"]

1. e4 {[%emt 0:00:00]} e5 {[%emt 0:00:06]} 2. Nf3 {[%emt 0:00:05]} Nc6 {[%emt 0:00:03]} 3. d4 {[%emt 0:00:02]} exd4 {[%emt 0:00:04]} 4. Nxd4 {[%emt 0:00:02]} Nxd4 {[%emt 0:00:16]} 5. Qxd4 {[%emt 0:00:03]} Qf6 {[%emt 0:00:03]} 6. c3 {[%emt 0:00:36]} Qxd4 {[%emt 0:01:53]} 7. cxd4 {[%emt 0:00:05]} Nf6 {[%emt 0:00:09]} 8. Nc3 {[%emt 0:00:42]} Bb4 {[%emt 0:00:58]} 9. f3 {[%emt 0:00:34]} d6 {[%emt 0:02:06]} 10. Bc4 {[%emt 0:02:17]} h6 {[%emt 0:01:25]} 11. Be3 {[%emt 0:00:51]} O-O {[%emt 0:01:02]} 12. O-O {[%emt 0:00:46]} Bd7 {[%emt 0:00:52]} 13. a4 {[%emt 0:02:16]} Rfe8 {[%emt 0:02:58]} 14. Bf2 {[%emt 0:02:14]} c6 {[%emt 0:04:51]} 15. d5 {[%emt 0:01:43]} Bxc3 {[%emt 0:02:11]} 16. bxc3 {[%emt 0:00:06]} cxd5 {[%emt 0:00:30]} 17. exd5 {[%emt 0:00:11]} Rec8 {[%emt 0:00:16]} 18. Bb5 {[%emt 0:01:22]} Bxb5 {[%emt 0:01:32]} 19. axb5 {[%emt 0:00:05]} Nxd5 {[%emt 0:00:02]} 20. c4 {[%emt 0:03:24]} Rxc4 {[%emt 0:00:41]} 21. Rfd1 {[%emt 0:00:05]} Nc3 {[%emt 0:00:45]} 22. Rxd6 {[%emt 0:00:16]} Nxb5 {[%emt 0:00:42]} 23. Rd7 {[%emt 0:00:14]} Rc7 {[%emt 0:00:13]} 24. Rxc7 {[%emt 0:00:42]} Nxc7 {[%emt 0:00:05]} 25. Rxa7 {[%emt 0:00:01]} Rxa7 {[%emt 0:00:05]} 26. Bxa7 {[%emt 0:00:02]} b5 {[%emt 0:00:17]} 27. Bc5 {[%emt 0:00:13]} Nd5 {[%emt 0:01:23]} 28. Kf1 {[%emt 0:00:28]} g6 {[%emt 0:00:32]} 29. Ke1 {[%emt 0:00:12]} f5 {[%emt 0:00:12]} 30. Kd2 {[%emt 0:00:12]} Kf7 {[%emt 0:00:03]} 31. h4 {[%emt 0:00:26]} Ke6 {[%emt 0:00:27]} 32. Bd4 {[%emt 0:00:36]} Ne7 {[%emt 0:00:40]} 33. Kd3 {[%emt 0:00:47]} Kd5 {[%emt 0:00:04]} 34. g4 {[%emt 0:00:28]} Nc6 {[%emt 0:00:25]} 35. Bg7 {[%emt 0:00:17]} fxg4 {[%emt 0:01:11]} 36. fxg4 {[%emt 0:00:12]} Ne5+ {[%emt 0:00:03]} 37. Kc3 {[%emt 0:01:06]} Nxg4 {[%emt 0:00:04]} 38. Kb4 {[%emt 0:00:06]} Kc6 {[%emt 0:00:04]} 39. Bf8 {[%emt 0:00:03]} h5 {[%emt 0:00:32]} 40. Be7 {[%emt 0:00:10]} Ne5 {[%emt 0:00:18]} 41. Bf6 {[%emt 0:00:41]} Nd7 {[%emt 0:00:29]} 42. Be7 {[%emt 0:00:27]} Nb6 {[%emt 0:00:10]} 43. Bg5 {[%emt 0:00:52]} Nd5+ {[%emt 0:00:05]} 44. Kb3 {[%emt 0:00:05]} Kc5 {[%emt 0:00:18]} 45. Bh6 {[%emt 0:00:12]} Kc6 {[%emt 0:00:30]} 46. Bg5 {[%emt 0:00:44]} Nc7 {[%emt 0:00:07]} 47. Kb4 {[%emt 0:01:13]} Ne6 {[%emt 0:00:05]} 48. Be3 {[%emt 0:00:12]} Ng7 {[%emt 0:00:10]} 49. Bg5 {[%emt 0:00:22]} Nf5 {[%emt 0:00:03]} 50. Bf6 {[%emt 0:00:04]} Kd5 {[%emt 0:00:06]} 51. Kxb5 {[%emt 0:00:10]} Ke4 {[%emt 0:00:02]} 52. Kc4 {[%emt 0:00:22]} Kf4 {[%emt 0:00:03]} 53. Kd3 {[%emt 0:00:07]} Kg4 {[%emt 0:00:04]} 54. Ke2 {[%emt 0:00:08]} Nxh4 {[%emt 0:00:02]} 55. Kf2 {[%emt 0:00:05]} g5 {[%emt 0:00:04]} 56. Bd8 {[%emt 0:00:24]} Nf5 {[%emt 0:00:03]} 57. Kg2 {[%emt 0:00:03]} Kf4 {[%emt 0:00:07]} 58. Bc7+ {[%emt 0:00:03]} Ke4 {[%emt 0:00:07]} 59. Bd8 {[%emt 0:00:04]} g4 {[%emt 0:00:03]} 60. Bg5 {[%emt 0:00:05]} h4 {[%emt 0:00:04]} 61. Bxh4 {[%emt 0:00:09]} Nxh4+ {[%emt 0:00:05]} 62. Kg3 {[%emt 0:00:02]} Kf5 {[%emt 0:00:03]} 0-1

[Event "African Online-ch Women 2021"]
[Site "Online"]
[Date "2021.02.01"]
[Round "2.11"]
[White "Shaba, Linda Dalitso"]
[Black "Castro, Neusa Aridas De"]
[Result "1/2-1/2"]
[WhiteElo "1603"]
[BlackElo "1512"]
[Annotator "NA RC"]
[PlyCount "93"]
[EventDate "2021.02.01"]
[EventType "swiss"]
[EventCountry "NET"]
[SourceTitle "playchess.com"]
[Source "ChessBase"]
[SourceQuality "1"]
[TimeControl "1500+10"]

1. Nf3 {[%emt 0:00:00]} e6 {[%emt 0:00:08]} 2. d4 {[%emt 0:00:36]} d5 {[%emt 0:00:07]} 3. c4 {[%emt 0:00:05]} Nf6 {[%emt 0:00:07]} 4. g3 {[%emt 0:00:14]} Be7 {[%emt 0:00:08]} 5. Bg2 {[%emt 0:00:04]} O-O {[%emt 0:00:11]} 6. O-O {[%emt 0:00:12]} c5 {[%emt 0:00:08]} 7. cxd5 {[%emt 0:00:05]} Nxd5 {[%emt 0:00:27]} 8. e4 {[%emt 0:00:53]} Nb4 {[%emt 0:00:31]} 9. a3 {[%emt 0:01:02]} N4c6 {[%emt 0:00:47]} 10. d5 {[%emt 0:00:59]} exd5 {[%emt 0:00:44]} 11. exd5 {[%emt 0:00:07]} Na5 {[%emt 0:00:06]} 12. Nc3 {[%emt 0:00:38]} Nc4 {[%emt 0:00:15]} 13. Qd3 {[%emt 0:01:54]} Nd6 {[%emt 0:00:15]} 14. Be3 {[%emt 0:01:30]} b6 {[%emt 0:00:19]} 15. Rfe1 {[%emt 0:00:45]} Bb7 {[%emt 0:00:12]} 16. h4 {[%emt 0:01:42]} Nd7 {[%emt 0:01:28]} 17. Bg5 {[%emt 0:00:30]} Nf6 {[%emt 0:00:35]} 18. Rad1 {[%emt 0:02:19]} Re8 {[%emt 0:00:09]} 19. Ne5 {[%emt 0:00:05]} Qc7 {[%emt 0:09:10]} 20. Nb5 {[%emt 0:08:12]} Nxb5 {[%emt 0:02:38]} 21. Qxb5 {[%emt 0:00:07]} a6 {[%emt 0:01:25]} 22. Qb3 {[%emt 0:01:01]} Rad8 {[%emt 0:02:18]} 23. Bf4 {[%emt 0:04:06]} Bd6 {[%emt 0:00:13]} 24. Nd3 {[%emt 0:00:42]} Rxe1+ {[%emt 0:00:22]} 25. Rxe1 {[%emt 0:00:05]} c4 {[%emt 0:00:15]} 26. Bxd6 {[%emt 0:00:11]} Rxd6 {[%emt 0:00:08]} 27. Qc3 {[%emt 0:00:18]} h6 {[%emt 0:00:43]} 28. Nf4 {[%emt 0:00:16]} Bxd5 {[%emt 0:00:51]} 29. Nxd5 {[%emt 0:00:35]} Nxd5 {[%emt 0:00:05]} 30. Re8+ {[%emt 0:00:05]} Kh7 {[%emt 0:00:10]} 31. Qc2+ {[%emt 0:00:18]} g6 {[%emt 0:00:13]} 32. h5 {[%emt 0:00:19]} Ne7 {[%emt 0:00:14]} 33. hxg6+ {[%emt 0:00:19]} Nxg6 {[%emt 0:00:07]} 34. Qc3 {[%emt 0:00:05]} f6 {[%emt 0:00:12]} 35. Be4 {[%emt 0:00:07]} Qf7 {[%emt 0:00:15]} 36. Bxg6+ {[%emt 0:00:11]} Kxg6 {[%emt 0:00:11]} 37. Re3 {[%emt 0:00:16]} Kg7 {[%emt 0:00:09]} 38. Qb4 {[%emt 0:00:10]} Rd1+ {[%emt 0:00:10]} 39. Kg2 {[%emt 0:00:03]} Qd5+ {[%emt 0:00:16]} 40. Rf3 {[%emt 0:00:07]} b5 {[%emt 0:00:18]} 41. Qe7+ {[%emt 0:00:03]} Kg6 {[%emt 0:00:10]} 42. Qxf6+ {[%emt 0:00:10]} Kh7 {[%emt 0:00:06]} 43. Qe7+ {[%emt 0:00:12]} Kg6 {[%emt 0:00:06]} 44. Qf6+ {[%emt 0:00:04]} Kh7 {[%emt 0:00:03]} 45. Qe7+ {[%emt 0:00:12]} Kg8 {[%emt 0:00:13]} 46. Qf8+ {[%emt 0:00:14]} Kh7 {[%emt 0:00:07]} 47. Qe7+ {[%emt 0:00:03]} 1/2-1/2